Statistiken für Berühmte Schweizer

Klicken Sie hier um das Quiz zu spielen!

Allgemein

  • Dieses Quiz wurde 187 mal gespielt
  • Das Durchschnittsergebnis liegt bei 9 aus 20

Antwortstatistiken

HintAntwort% Korrekt
Legendärer Nationalheld und Freiheitskämpfer, Protagonist eines Schillerdramas, ApfelschussWillhelm Tell
99%
Vielleicht bester Tennisspieler aller Zeiten, 20 Grand Slam Siege seit 2003, darunter 8 in WimbledonRoger Federer
96%
Eurodance-Musiker mit aufwändigen Tanz-Liveshows: Pray, Everybody, Somebody Dance with Me, FreedomDJ BoBo
67%
Fifa-Chef von 1996 bis 2016 mit Hang zur KorruptionSepp Blatter
67%
Skispringer, 4x Olympiasieger (2002, 2010), Weltcupsieger 09/10Simon Ammann
63%
Schriftsteller: Der Besuch der alten Dame, Die Physiker, Der Verdacht, Der Richter und sein Henker, Das VersprechenFriedrich Dürrenmatt
58%
Mathematiker, Namensgeber der Zahl e, Mitbegründer der Analysis, e^(i*pi)+1 = 0Leonard Euler
56%
Schriftsteller: Homo Faber, Andorra, Biedermann und die BrandstifterMax Frisch
51%
Reformator in Zürich, seine Theologie ging im Calvinismus aufHuldrych Zwingli
50%
Fußball-Trainer, 03-07 bei FC Zürich, 07-09 Hertha, 11-15 Gladbach, 16-18 Nizza, 18-20 BVBLucien Favre
46%
Gründer des Roten Kreuzes, inspirierte die Genfer Konventionen, erster FriedensnobelpreisträgerHenry Dunant
40%
Schriftstellerin und Schöpferin von HeidiJohanna Spyri
37%
Schriftsteller: Der Steppenwolf, Narziß und Goldmund, Unterm Rad, Siddhartha; LiteraturnobelpreisträgerHermann Hesse
35%
Philosoph der Aufklärung und Pädagoge, Gesellschaftsvertrag, Zurück zur Natur, Émile oder Über die ErziehungJean-Jacques Rousseau
31%
Pädagoge und Namensgeber unzähliger Schulen, Anschaungspädagogik mit Kopf, Herz und HandJohann Heinrich Pestalozzi
22%
Architekt, Begründer des BrutalismusLe Corbusier
22%
Begründer der analytischen Psychologie; Ich, Persona, Schatten, kollektives Unbewusstes, Selbst; ArchetypenCarl Gustav Jung
20%
Mediziner des 16. Jahrhunderts, kritisierte die Vier-Säfte-Lehre und stellte ihr die Tria Principia Lehre entgegenParacelsus
10%
Sprachwissenschaftler, Mitbegründer des Strukturalismus und der Semiotik, gilt als Begründer der modernen LinguistikFerdinand de Saussure
6%
Theologe, Gründer der bekennenden Kirche im 3. Reich, Begründete die Dialektische Theologie, schrieb die Barmer BekenntnisseKarl Barth
3%

Verteilung der Resultate

Perzentil nach korrekt beantworteten Fragen

Anzahl Personen mit jedem Resultat

Ihre Resultats-Entwicklung

Sie haben dieses Quiz noch nicht gespielt